000 01463cam a22002294a 4500
005 20250605163942.0
008 250528s ||||||||||||||||||||||||d
035 _a15053
020 _a538803150
040 _aGR-AtMCL
_bgre
_dGR-AtMCL
_eAACR2
245 1 _aAdvanced Accounting / Fourth Edition
250 _a4th
260 _bSouth-Western Publishing Co,
_c1990
300 _a1198
520 _aAccounting Theory and Income Presentation, Accounting Theory and Standard Setting, Income Presentation and the Disclosure of Earnings Per Share, Combined Corporate Entities and Consolidations, Introduction to Business Combinations, Consolidated Statements at the Date of Acquisition, Consolidated Statements Subsequent to Acquisition, Intercompany Transactions: Merchandise Plant Assets and Notes, Intercompany Transactions: Bonds and Leases, Special Issues in Accounting for an Investment in a Subsidiary, Multinational Accounting, Accounting for Foreign Currency Transactions, Special Reporting Concerns, Interim Data Reporting and Segmental Data, The Securities and Exchange Commission, Governmental and Not-for-Profit Accounting, Governmental Accounting: Special Funds, Accounting for Voluntary Health and Welfare Organizations, Fiduciary Accounting, Estates and Trusts, Insolvency, Index.
700 1 _aFischer Paul M
_9889
700 1 _aLeer Arthur J
_9890
700 1 _aTaylor William James
_9891
942 _cBK
999 _c654
_d654